Statistics for Countries My Car Has Been

Click here to take the quiz!

General Stats

  • This quiz has been taken 103 times
  • The average score is 8 of 14

Answer Stats

Answer % Correct
Germany
94%
United States
84%
Russia
83%
Israel
71%
Turkey
66%
Saudi Arabia
61%
Poland
59%
Jordan
54%
Romania
47%
Greece
40%
Bulgaria
40%
Georgia
34%
Estonia
29%
Bahrain
29%

Score Distribution

Percentile by Number Answered

Percent of People with Each Score

Your Score History

You have not taken this quiz